| 000 | 00705cam a2200217 a 4500 | ||
|---|---|---|---|
| 005 | 20230525063729.0 | ||
| 008 | 191125s2019 mx ao br 000 0 spa d | ||
| 020 | _a9786075511436 | ||
| 035 | _aUPN01000234295 | ||
| 040 |
_aMX-MxUPN _bspa _cMX-MxUPN |
||
| 050 | 4 |
_aLB1585 _bM65 2019 |
|
| 245 | 0 | 0 |
_aCiencias Naturales : _bquinto grado |
| 250 | _aCuarta edición | ||
| 260 |
_aMéxico : _bSEP, Dirección General de Materiales Educativos , _c2019. |
||
| 300 |
_a156 páginas : _bilustraciones color, fotografías |
||
| 500 | _a"Ciclo escolar 2019-2020". | ||
| 650 | 4 |
_aCiencias naturales _xEstudio y enseñanza (Elemental) _92812 |
|
| 905 | _aLibro | ||
| 942 |
_2lcc _cLIBRO |
||
| 999 |
_c206390 _d206390 |
||